Foreign footballers in PL #12 Leicester City F.C. - Statistics

General Stats
  • This quiz has been taken 49 times
  • The average score is 7 of 10
Answer Stats
Nationality Footballer % Correct
Japan Shinji Okazaki
95%
Northern Ireland Jonny Evans
90%
Germany Robert Huth, Ron-Robert Zieler
80%
Argentina Esteban Cambiasso, Leonardo Ulloa
78%
Wales Andy King, Tom Lawrence, George Thomas, Danny Ward
71%
New Zealand Chris Wood
68%
Croatia Andrej Kramaric, Filip Benkovic
59%
Poland Marcin Wasilewski, Bartosz Kapustka
54%
Senegal Nampalys Mendy
54%
Switzerland Gökhan Inler, Eldin Jakupovic
49%
No matching quizzes found
Score Distribution
Percent of People with Each Score
Percentile by Number Answered
Your Score History
You have not taken this quiz